| 000 | 00548cam a22001817a 4500 | ||
|---|---|---|---|
| 003 | MX-MxUPN | ||
| 005 | 20250306063759.0 | ||
| 008 | 240426s1976 mx| |||fr|||| 000 0 spa d | ||
| 040 |
_aMX-MxUPN _bspa |
||
| 050 | 4 |
_aPQ8097 D44 _bB37 1976 |
|
| 100 | 1 |
_932398 _aDélano, Luis Enrique, _d1907-1985 |
|
| 245 | 1 | 3 | _aLa base |
| 260 |
_a[México] : _bUniversidad Autónoma de Sinaloa, _c1976. |
||
| 300 | _a138 paginas | ||
| 650 | 4 |
_aNovela chilena _ySiglo XX _943623 |
|
| 902 |
_aDaniela Badillo 26-04-24 _bVíctorGodínez/080824 |
||
| 942 |
_2lcc _cDIGIT |
||
| 999 |
_c211174 _d211174 |
||